000 00640nam a2200253 i 4500
001 bgj
100 1 _aDREISER, Theodore
_d(1871-1945)
245 1 0 _aSister Carrie /
_cby Theodore Dreiser.
250 _a[9th printing].
260 _aNew York :
_bBantam Books,
_c1963.
300 _a399 pp ;
_c18 cm.
490 1 _aA Bantam Classic
650 9 _aYoung women
650 9 _aMistresses
650 9 _aActresses
650 9 _aPsychological fiction
650 9 _aDidactic fiction
655 _aFiction
830 _aA Bantam Classic
040 _cBPK
041 0 _aeng
942 _cKS
008 s uk f |000 0 eng
999 _c47928
_d47928
856 _uhttp://koha.tu.koszalin.pl/cgi-bin/koha/opac-detail.pl?biblionumber=47928
_yKatalog online BPK